Largest Municipalities in North Carolina by First Letter - Statistics

General Stats
  • This quiz has been taken 12 times
  • The average score is 14 of 24
Answer Stats
First Letter County Population Municipality % Correct
A Buncombe 95,376 Asheville
100%
D Durham 304,014 Durham
100%
R Wake 493,589 Raleigh
100%
C Mecklenburg 935,017 Charlotte
92%
G Caswell 306,263 Greensboro
92%
W Forsyth 255,089 Winston-Salem
92%
F Cumberland 210,135 Fayetteville
83%
E Pasquotank 19,177 Elizabeth City
75%
J Onslow 71,517 Jacksonville
75%
B Alamance 61,722 Burlington
67%
H Guilford 118,312 High Point
67%
U Union 7,363 Union
67%
K Cabarrus 62,000 Kannapolis
50%
M Iredell 55,837 Mooresville
50%
I Union 44,556 Indian Trail
42%
N Craven 32,854 New Bern
42%
S Rowan 36,800 Salisbury
42%
Z Wake 10,977 Zebulon
42%
O Brunswick 10,143 Oak Island
25%
P Moore 18,966 Pinehurst
25%
T Davidson 27,613 Thomasville
25%
L Brunswick 34,994 Leland
17%
V Burke 4,707 Valdese
17%
Y Yadkin 3,032 Yonkers
0%
No matching quizzes found
Score Distribution
Percent of People with Each Score
Percentile by Number Answered
Your Score History
You have not taken this quiz